County Seats Of Connecticut (Historical) - Statistics

General Stats
  • This quiz has been taken 19 times
    8 since last reset
  • The average score is 5 of 8
Answer Stats
Former County Former shire town % Correct
Fairfield Bridgeport
100%
________ Hartford
100%
___ _____ New Haven
100%
__________ Litchfield
60%
Middlesex Middletown
60%
___ ______ New London
60%
Windham Willimantic
40%
Tolland Rockville (Town of Vernon)
20%
No matching quizzes found
Score Distribution
Percent of People with Each Score
Percentile by Number Answered
Your Score History
You have not taken this quiz since the last reset